| 000 | 01035nam a2200325 a 4500 | ||
|---|---|---|---|
| 001 | vtls001595939 | ||
| 003 | NLI | ||
| 005 | 20240104121517.0 | ||
| 008 | 121214s1993 ii 000 0 eng | ||
| 020 |
_cRs.25.00 _qpbk. |
||
| 040 |
_aNLI _beng _cEPD _eAACR2 |
||
| 041 | 0 | _aeng | |
| 044 | _a ii | ||
| 082 | 0 | 4 |
_223rd ed. _a335.4 _bM 369 st |
| 100 | 1 |
_aLenin, V. I. _q(Vladimir Ilich), _d1870-1924 _9697672 |
|
| 240 | 1 | 0 |
_aGosudarstvo i revoliutsiia. _lEnglish |
| 245 | 1 | 4 |
_aThe state and revolution : _bthe Marxist doctrine of the state and the tasks of the proletariat in the revolution / _cV. I. Lenin |
| 260 |
_aCalcutta : _bNational Book Agency , _c1993 |
||
| 300 |
_a151 p. ; _c20 cm. |
||
| 600 | 1 | 0 |
_aMarx, Karl, _d1818-1883 _9687193 |
| 650 | 0 |
_aSocialism _9686130 |
|
| 650 | 0 |
_aState, The Revolutions _91454380 |
|
| 887 | _a Vinay Manral | ||
| 887 | _aPallab Paul | ||
| 901 |
_aDB65470 _b03.06.1994 |
||
| 902 | _aE 335.4 M 369 st | ||
| 904 |
_l1370 _bB 3 |
||
| 942 |
_00 _aNLI _2ddc _cBKS |
||
| 949 | _6DBA000065470ENG | ||
| 999 |
_c1046830 _d1046830 |
||